Open Data Biblioteca Nacional de Portugal


República Portuguesa: Ministério da Cultura
Biblioteca Nacional de Portugal

Catálogo da BNP: acesso por Identificadores Unívocos
Registos Bibliográficos associados ao registo de autoridade

Etiqueta de registo: 00254nkm 2200109 450
001 2289240
003 http://id.bnportugal.gov.pt/bib/catbnp/2289240
100 ## $a20260630d1999 am y0pory01030103ba
101 0# $apor$aeng
102 ## $aPT
200 1# $aUniverso urbanístico português, 1415-1822, colóquio internacional, auditório da Reitoria da Universidade, Coimbra, 2-6 março 1999$bVisual gráfico]$dInternational meeting, The Portuguese urbanistic universe, 1415-1822$fComissão Nacional para as Comemorações dos Descobrimentos Portugueses$zeng
210 #9 $a[Lisboa]$cCComissão Nacional para as Comemorações dos Descobrimentos Portugueses,$d1999
215 ## $a1 cartaz$ccolor.$d68x48 cm
510 1# $aInternational meeting, The Portuguese urbanistic universe, 1415-1822$zeng
675 ## $a061.3(469.322)"1999"(084.5)$vBN$zpor$3932707
675 ## $a711(469)"1415/1822"(084.5)$vBN$zpor$32002191
675 ## $a766(=1:469)"199"(084.5)$vBN$zpor$3589138
710 12 $aColóquio Internacional Universo Urbanístico Português, 1415-1822,$eCoimbra,$f1999$3935011
712 02 $9Portugal.$bComissão Nacional para as Comemorações dos Descobrimentos Portugueses$32002192
801 #0 $aPT$bBN$gRPC
966 ## $lBN$mICONOG$sCT. 26005 A.$x3
966 ## $lBN$mICONOG$sCT. 26006 A.$x3
971 ## $cmferro$d20260630

OpendataBNP@bnportugal.pt | Mais informação sobre acesso aos dados BNP